| 000 | 00000nam 2200000zi 4500 |
| 001 | 9.946791 |
| 003 | CaOODSP |
| 005 | 20250121091805 |
| 006 | m o d f |
| 007 | cr bn||||||||| |
| 008 | 250113t19771977onc obfu f000 0 fre d |
| 040 | |aCaOODSP|bfre|erda|cCaOODSP |
| 043 | |an-cn--- |
| 086 | 1 |aNR24-28/1977-1F-PDF |
| 245 | 00|aDonnées climatiques pour le calcul des bâtiments au Canada, 1977 : |bsupplément no 1 du Code national du bâtiment Canada / |cpublié par le Comité associé sur le Code national du bâtiment. |
| 246 | 10|aSupplément no 1 du Code national du bâtiment Canada |
| 250 | |aSixième édition 1977. |
| 264 | 1|aOttawa : |bConseil national de recherches du Canada, |c1977. |
| 264 | 4|c©1977 |
| 300 | |a1 ressource en ligne (ix, 26 pages) |
| 336 | |atexte|btxt|2rdacontent/fre |
| 337 | |ainformatique|bc|2rdamedia/fre |
| 338 | |aressource en ligne|bcr|2rdacarrier/fre |
| 500 | |aPublié aussi en anglais sous le titre : Climatic information for building design in Canada 1977 : supplement no. 1 to the National Building Code of Canada. |
| 504 | |aComprend des références bibliographiques (page 9). |
| 520 | |a« Le Canada comporte une grande diversité de climats, diversité dont il est nécessaire de tenir compte lors du calcul des bâtiments dans les diverses régions du pays. Le présent Supplément a pour objet d'expliquer brièvement comment sont calculées les valeurs climatiques proposées et de présenter une liste de données climatiques de calcul pour un certain nombre de villes et de petites agglomérations. C'est grâce à ces données que l'on peut tenir compte des particularités climatiques des diverses localités du Canada, et ainsi appliquer le Code à l'échelle nationale » -- Préface, page vii. |
| 650 | 6|aConstruction|xDroit|zCanada|vCodes. |
| 650 | 6|aConstructions|xNormes|zCanada. |
| 650 | 6|aArchitecture et climat|zCanada|vGuides, manuels, etc. |
| 655 | 7|aGuides et manuels|2rvmgf |
| 710 | 2 |aConseil national de recherches Canada. |bComité associé sur le Code national du bâtiment, |eorganisme de publication. |
| 775 | 08|tClimatic information for building design in Canada 1977 : |w(CaOODSP)9.946790 |
| 795 | |tRenseignements climatiques pour le calcul des bâtiments au Canada, 1975 : |w(CaOODSP)9.946714 |
| 856 | 40|qPDF|s1.59 Mo|uhttps://publications.gc.ca/collections/collection_2025/cnrc-nrc/NR24-28-1977-1-fra.pdf |
| 986 | |a15556F |